[Event "Air Force ch"]
[Site "?"]
[Date "1988.??.??"]
[Round "7"]
[White "Wilson, A."]
[Black "Moore, B."]
[Result "0-1"]
[WhiteElo "2075"]
[BlackElo "2270"]
[PlyCount "74"]
[EventDate "1988.??.??"]

1. d4 Nf6 2. c4 g6 3. Nc3 Bg7 4. e4 d6 5. Nge2 Nbd7 6. Ng3 c6 7. Be2 h5 8. h4
e5 9. d5 Qc7 10. Be3 O-O 11. Qd2 Nb6 12. b3 Bg4 13. f3 Bd7 14. dxc6 bxc6 15.
Rd1 d5 16. c5 d4 17. cxb6 axb6 18. Bg5 dxc3 19. Qc2 b5 20. Be3 Qa5 21. Bc5 Rfe8
22. a3 Bf8 23. Bxf8 Kxf8 24. O-O Qxa3 25. Qxc3 Qe7 26. Nh1 Ra2 27. Rfe1 Rea8
28. Nf2 b4 29. Qc1 Be6 30. Bc4 Qc5 31. Qe3 Qxe3 32. Rxe3 Bxc4 33. bxc4 Rc2 34.
Rd6 Ra1+ 35. Kh2 Ne8 36. Rd1 Rxd1 37. Nxd1 Rxc4 0-1

[Event "1990 Armed Forces ch"]
[Site "?"]
[Date "1990.??.??"]
[Round "8"]
[White "Whitten, J."]
[Black "Murillo, M."]
[Result "1-0"]
[WhiteElo "2075"]
[BlackElo "2230"]
[PlyCount "73"]
[EventDate "1990.??.??"]

1. e4 d6 2. d4 g6 3. Nc3 Bg7 4. f4 c6 5. Nf3 Bg4 6. Be2 Bxf3 7. Bxf3 Qb6 8. e5
Nh6 9. Ne4 O-O 10. c3 Na6 11. O-O Rad8 12. Qb3 d5 13. Qxb6 axb6 14. Ng5 Nc7 15.
Be2 e6 16. Bd2 Ra8 17. Bd3 c5 18. h3 Ra4 19. Nf3 Rfa8 20. a3 f5 21. exf6 Bxf6
22. Bc2 R4a7 23. g4 Bg7 24. Rae1 Re8 25. Re2 Raa8 26. Rfe1 cxd4 27. Nxd4 Bxd4+
28. cxd4 Kg7 29. Bd3 Nf7 30. Bb4 Nd8 31. Bd6 Rc8 32. f5 Nf7 33. Bxc7 Rxc7 34.
Bb5 Rec8 35. fxe6 Nd6 36. e7 Kf7 37. e8=Q+ 1-0

[Event "Air Force ch"]
[Site "?"]
[Date "1991.??.??"]
[Round "10"]
[White "Wall, B."]
[Black "Moore, B."]
[Result "0-1"]
[WhiteElo "2055"]
[BlackElo "2270"]
[PlyCount "74"]
[EventDate "1991.??.??"]

1. Nf3 d6 2. c4 g6 3. g3 Bg7 4. Bg2 e5 5. Nc3 Nc6 6. O-O f5 7. d3 Nf6 8. Bg5 h6
9. Bxf6 Bxf6 10. Nd5 O-O 11. Rb1 Ne7 12. Nxf6+ Rxf6 13. b4 g5 14. Qb3 Ng6 15.
Nd2 h5 16. c5+ Kg7 17. cxd6 cxd6 18. Rbc1 h4 19. Qd5 hxg3 20. hxg3 Ne7 21. Qa5
b6 22. Qa3 d5 23. Nc4 e4 24. dxe4 fxe4 25. Qe3 dxc4 26. Qxg5+ Ng6 27. Bxe4 Be6
28. Rfd1 Qh8 29. Bxg6 Rxg6 30. Qe7+ Bf7 31. Qe5+ Kg8 32. Qc7 Qh5 33. Rd8+ Rxd8
34. Qxd8+ Kh7 35. Qe7 Rh6 36. Qe4+ Kg8 37. Qa8+ Kg7 0-1

[Event "Air Force ch"]
[Site "?"]
[Date "1989.??.??"]
[Round "4"]
[White "Waldowski, P."]
[Black "Wilson, A."]
[Result "0-1"]
[WhiteElo "2060"]
[BlackElo "2130"]
[PlyCount "74"]
[EventDate "1989.??.??"]

1. e4 e6 2. d4 d5 3. Nd2 Nf6 4. e5 Nfd7 5. Bd3 c5 6. c3 Nc6 7. Ngf3 cxd4 8.
cxd4 f5 9. exf6 Nxf6 10. O-O Bd6 11. Re1 O-O 12. b3 Qc7 13. Bb2 Ng4 14. Nf1 Bd7
15. Rc1 Rf6 16. h3 Nh6 17. Bb1 Raf8 18. Qd3 g6 19. N1d2 Qb8 20. a3 a6 21. b4
Bf4 22. Ne5 Bxe5 23. dxe5 Rxf2 24. Qe3 Qa7 25. Rc5 Kg7 26. Qxf2 Rxf2 27. Kxf2
a5 28. Re3 axb4 29. axb4 Qb6 30. Rb3 Na5 31. Rbc3 Nc6 32. Ke1 Qxb4 33. Rc2 Nf5
34. R5c3 Nfd4 35. Rxc6 Bxc6 36. Bxd4 Qxd4 37. Nf3 Qb4+ 0-1

[Event "Air Force ch"]
[Site "?"]
[Date "1992.??.??"]
[Round "6"]
[White "Waldowski, P."]
[Black "Barcarola, L."]
[Result "1/2-1/2"]
[WhiteElo "2135"]
[BlackElo "2100"]
[PlyCount "74"]
[EventDate "1992.??.??"]

1. e4 e6 2. d4 d5 3. e5 c5 4. Qg4 cxd4 5. Nf3 Nc6 6. a3 f6 7. Bd3 f5 8. Qg3 Bd7
9. Nbd2 Qc7 10. b4 a6 11. Bb2 Nge7 12. O-O g6 13. Nb3 Bg7 14. Rfe1 b6 15. Nbxd4
Nxd4 16. Nxd4 Kf7 17. Rac1 Qb7 18. Qe3 Raf8 19. b5 axb5 20. Nxb5 Bxb5 21. Bxb5
Rc8 22. a4 Nc6 23. c4 Rhd8 24. Rcd1 dxc4 25. Bxc4 Rxd1 26. Rxd1 Na5 27. Bb5 Rc7
28. Bd4 Nc4 29. Qe2 Na5 30. Qd3 Bf8 31. Be3 Be7 32. Rb1 Bc5 33. Bg5 Qd5 34. Qe2
Nc6 35. Bxc6 Qxc6 36. Qb5 Qxb5 37. axb5 Bd4 1/2-1/2

[Event "1991 Armed Forces Ch"]
[Site "?"]
[Date "1991.??.??"]
[Round "3"]
[White "Rea, A."]
[Black "Felsen, A."]
[Result "1-0"]
[WhiteElo "2150"]
[BlackElo "1975"]
[PlyCount "73"]
[EventDate "1991.??.??"]

1. d4 d5 2. Nf3 Nf6 3. c4 dxc4 4. Nc3 Bf5 5. e3 e6 6. Bxc4 Nc6 7. O-O Bb4 8.
Bb5 O-O 9. Bd2 Ne7 10. Rc1 c6 11. Be2 Ba5 12. Nh4 Bc7 13. Nxf5 Nxf5 14. g3 Qd7
15. Bf3 Rad8 16. Qb3 Bb8 17. Na4 b5 18. Nc5 Qc8 19. Ba5 Rd6 20. Nd3 Nd5 21. Nb4
Nfe7 22. Nxd5 exd5 23. Bb4 Rh6 24. Bxe7 Qh3 25. Rfe1 Qxh2+ 26. Kf1 Bxg3 27.
fxg3 Qxg3 28. Bg2 Re8 29. e4 Qxb3 30. axb3 Rxe7 31. exd5 Rf6+ 32. Kg1 Kf8 33.
Rxe7 Kxe7 34. dxc6 Kd8 35. c7+ Kc8 36. Bh3+ Re6 37. d5 1-0

[Event "Air force ch"]
[Site "?"]
[Date "1991.??.??"]
[Round "2"]
[White "Moore, B."]
[Black "Lankey, B."]
[Result "0-1"]
[WhiteElo "2270"]
[BlackElo "2180"]
[PlyCount "74"]
[EventDate "1991.??.??"]

1. e4 e6 2. d4 a6 3. Nf3 b5 4. Bd3 Bb7 5. O-O c5 6. c3 Qc7 7. Nbd2 c4 8. Bb1
Nf6 9. Re1 Be7 10. Qc2 d5 11. e5 Nfd7 12. Nf1 h6 13. Ng3 Nc6 14. h3 O-O-O 15.
a4 b4 16. cxb4 Nxb4 17. Qc3 a5 18. Bd2 Rdg8 19. Rc1 Kb8 20. Qe3 g5 21. Ne2 Ba6
22. Nc3 Qb6 23. Ne1 f6 24. exf6 Bxf6 25. Nf3 h5 26. g4 hxg4 27. hxg4 Bb7 28.
Nb5 e5 29. Bf5 exd4 30. Nfxd4 Re8 31. Qc3 Nc5 32. Re1 Rxe1+ 33. Rxe1 Nbd3 34.
Bxd3 Nxd3 35. Re6 Qxe6 36. Nxe6 Bxc3 37. Bxc3 d4 0-1

[Event "Air Force ch"]
[Site "?"]
[Date "1988.??.??"]
[Round "6"]
[White "Moore, B."]
[Black "Echaure, S."]
[Result "0-1"]
[WhiteElo "2270"]
[BlackElo "2070"]
[PlyCount "73"]
[EventDate "1988.??.??"]

1. e4 c5 2. c3 e6 3. d4 b6 4. Be3 Nf6 5. Nd2 cxd4 6. cxd4 Bb4 7. f3 O-O 8. a3
Bxd2+ 9. Qxd2 d5 10. e5 Nfd7 11. Bd3 Ba6 12. Bb1 f5 13. Bg5 Qe8 14. h4 Nc6 15.
b4 Bc4 16. h5 a5 17. b5 Bxb5 18. a4 Bc4 19. Ra3 Nb4 20. f4 Rf7 21. g4 Nf8 22.
gxf5 exf5 23. Ne2 Ne6 24. Ng3 Qf8 25. Rc3 Raa7 26. h6 g6 27. Bf6 Qe8 28. Nh5
Qxa4 29. Bxf5 Qa1+ 30. Rc1 Qxd4 31. Rxc4 Qxc4 32. Bxe6 Qe4+ 33. Kf2 Qxh1 34.
Qc3 Qh2+ 35. Kf1 Qc2 36. Qg3 Qd3+ 37. Qxd3 0-1

[Event "1991 Armed Forces Ch"]
[Site "?"]
[Date "1991.??.??"]
[Round "11"]
[White "McQueen, R."]
[Black "Hampel, R."]
[Result "0-1"]
[WhiteElo "1875"]
[BlackElo "2135"]
[PlyCount "74"]
[EventDate "1991.??.??"]

1. d4 d5 2. c4 e6 3. Nc3 c6 4. Nf3 dxc4 5. a4 Bb4 6. e3 b5 7. Bd2 a5 8. Be2 Bb7
9. O-O Nf6 10. Qc2 O-O 11. Na2 Bxd2 12. Nxd2 Nbd7 13. b3 cxb3 14. Qxb3 b4 15.
Rac1 c5 16. Rfd1 cxd4 17. exd4 Nb6 18. Nf3 Bd5 19. Qb1 Nxa4 20. Bc4 Bxc4 21.
Rxc4 Qd5 22. Qc2 Nc3 23. Rxc3 bxc3 24. Nxc3 Rfc8 25. Rc1 Qc6 26. Ne5 Qc7 27.
Nd3 Qc4 28. Nc5 Qxd4 29. N3a4 Nd7 30. Rd1 Rxc5 31. Nxc5 Qxc5 32. Qd2 Nf8 33. h3
a4 34. Qf4 a3 35. Rc1 Qf5 36. Qc4 a2 37. Ra1 Qb1+ 0-1

[Event "1991 Armed Forces Ch"]
[Site "?"]
[Date "1991.??.??"]
[Round "5"]
[White "McMahon, D."]
[Black "Hampel, R."]
[Result "1-0"]
[WhiteElo "2020"]
[BlackElo "2135"]
[PlyCount "73"]
[EventDate "1991.??.??"]

1. e4 e5 2. f4 exf4 3. Nf3 Be7 4. d4 Bh4+ 5. Ke2 d5 6. e5 Be7 7. Bxf4 f6 8.
Nbd2 fxe5 9. dxe5 Bg4 10. h3 Bh5 11. g4 Bf7 12. Bg2 Nc6 13. Nb3 Qd7 14. c3 Nh6
15. Qd2 O-O-O 16. Nbd4 Rde8 17. Rae1 Nxd4+ 18. Nxd4 Rhg8 19. Kd1 Bc5 20. e6
Rxe6 21. Nxe6 Bxe6 22. Rxe6 Nxg4 23. Re2 Nf6 24. h4 Kb8 25. Rhe1 Rd8 26. Kc1 a6
27. Bg5 c6 28. Bf4+ Ka8 29. b4 Bb6 30. Re7 Qg4 31. Bc7 Bxc7 32. Rxc7 Rf8 33.
Rce7 Qxh4 34. Qe3 Qg4 35. Bf3 Qg6 36. Kb2 Ne4 37. Bxe4 1-0

[Event "1991 Armed Forces Ch"]
[Site "?"]
[Date "1991.??.??"]
[Round "4"]
[White "Lankey, B."]
[Black "Lacno, D."]
[Result "1-0"]
[WhiteElo "2185"]
[BlackElo "2065"]
[PlyCount "74"]
[EventDate "1991.??.??"]

1. e4 Nf6 2. e5 Nd5 3. d4 d6 4. Nf3 Bg4 5. Be2 e6 6. c4 Nb6 7. exd6 cxd6 8. O-O
Be7 9. Nc3 O-O 10. Be3 N8d7 11. b3 Bf6 12. Ne4 Be7 13. Qd2 d5 14. Ng3 dxc4 15.
bxc4 Bxf3 16. gxf3 Rc8 17. Rac1 f5 18. f4 Nf6 19. Qa5 Ng4 20. Qxa7 Nxe3 21.
fxe3 Qc7 22. Rb1 Bd8 23. c5 Qc6 24. Rxb6 Bxb6 25. Qxb6 Qxb6 26. cxb6 Rc2 27.
Rb1 Kf7 28. Bf3 Ra8 29. Bxb7 Raxa2 30. Bf3 Rab2 31. Rxb2 Rxb2 32. b7 Ke7 33.
Ne2 Kd7 34. Nc3 Kc7 35. Na4 Rb1+ 36. Kg2 h6 37. Nc5 g5 1-0

[Event "Air Force ch"]
[Site "?"]
[Date "1987.??.??"]
[Round "1"]
[White "Hill, L."]
[Black "Tate, E."]
[Result "0-1"]
[WhiteElo "2155"]
[BlackElo "2380"]
[PlyCount "74"]
[EventDate "1987.??.??"]

1. e4 c5 2. Nf3 e6 3. Bc4 d5 4. exd5 exd5 5. Bb5+ Nc6 6. d4 Bg4 7. dxc5 Bxc5 8.
O-O Nf6 9. Bg5 O-O 10. Nbd2 Qd6 11. Be2 Ne4 12. Nxe4 dxe4 13. Nd2 Bf5 14. Nb3
Qg6 15. Bf4 Rad8 16. Qe1 Bb6 17. c3 h5 18. Kh1 h4 19. f3 h3 20. Qg3 hxg2+ 21.
Kxg2 Qe6 22. Nd2 Bc7 23. Rfd1 exf3+ 24. Bxf3 Ne5 25. Re1 Qb6 26. Nb3 Nxf3 27.
Qxf3 Rd3 28. Qf2 Qxf2+ 29. Kxf2 Bxf4 30. Re7 Bxh2 31. Rxb7 Bg3+ 32. Kf1 Re8 33.
Nd4 Bh3+ 34. Kg1 Rde3 35. Nc2 Re2 36. Rc1 Rxc2 37. Rxc2 Re1# 0-1

[Event "1991 Armed Forces Ch"]
[Site "?"]
[Date "1991.??.??"]
[Round "4"]
[White "Felsen, A."]
[Black "Waldowski, P."]
[Result "0-1"]
[WhiteElo "1975"]
[BlackElo "2180"]
[PlyCount "74"]
[EventDate "1991.??.??"]

1. e4 c5 2. Nf3 Nc6 3. g3 e6 4. d3 d5 5. Nbd2 Nf6 6. Bg2 Be7 7. O-O Qc7 8. c3
b6 9. Re1 Ba6 10. exd5 Nxd5 11. c4 Ndb4 12. Ne5 O-O 13. a3 Nc2 14. Nxc6 Nxa1
15. Nxe7+ Qxe7 16. Bxa8 Rxa8 17. Ne4 Rd8 18. b3 Bb7 19. Bb2 f5 20. Qxa1 fxe4
21. dxe4 Rd3 22. Bc3 Qd7 23. Qc1 Bxe4 24. Bxg7 Kxg7 25. Qg5+ Bg6 26. Qe5+ Kf7
27. Qf4+ Ke7 28. Qe5 Rxb3 29. Qg5+ Ke8 30. f4 Qd4+ 31. Kf1 Rf3+ 32. Kg2 Qf2+
33. Kh3 Qxe1 34. Qf6 Bf5+ 35. Kh4 Rxf4+ 36. Kg5 Rg4+ 37. Kh6 Rg6+ 0-1

[Event "Air Force ch"]
[Site "?"]
[Date "1989.??.??"]
[Round "9"]
[White "Burden, J."]
[Black "Wilson, A."]
[Result "0-1"]
[WhiteElo "2030"]
[BlackElo "2130"]
[PlyCount "74"]
[EventDate "1989.??.??"]

1. e4 e6 2. d3 c5 3. Nf3 Nc6 4. c3 Nge7 5. g3 g6 6. Bg2 Bg7 7. O-O O-O 8. Re1
e5 9. Nbd2 d6 10. a3 h6 11. b4 b6 12. Bb2 Be6 13. Nc4 Rb8 14. b5 Na5 15. Nxa5
bxa5 16. c4 f5 17. Nd2 f4 18. Bc3 g5 19. a4 g4 20. Nb3 h5 21. Bxa5 Qd7 22. Bd2
Ng6 23. Na5 f3 24. Bh1 h4 25. Nc6 hxg3 26. hxg3 Ra8 27. Bg5 Bf6 28. Qd2 Qh7 29.
a5 Qh5 30. Bh6 Rf7 31. b6 Rh7 32. Reb1 Nf4 33. b7 Rb8 34. Bg2 Rxh6 35. Qxf4
exf4 36. Nxb8 Qh2+ 37. Kf1 Qh1+ 0-1

[Event "1990 Armed Forces ch"]
[Site "?"]
[Date "1990.??.??"]
[Round "1"]
[White "Beszczynski, T."]
[Black "Murillo, M."]
[Result "0-1"]
[WhiteElo "1905"]
[BlackElo "2225"]
[PlyCount "74"]
[EventDate "1990.??.??"]

1. d4 Nf6 2. Nf3 g6 3. c4 Bg7 4. Nc3 O-O 5. g3 d5 6. Bg2 c6 7. b3 Ne4 8. Bb2
Qa5 9. Rc1 Nd7 10. cxd5 cxd5 11. O-O Ndf6 12. Nd2 Bh6 13. Ndxe4 dxe4 14. e3 Bg4
15. Qd2 Qf5 16. Ba3 Rfe8 17. Na4 b6 18. Rc6 Rad8 19. Rc7 Nd5 20. Rxa7 Bf3 21.
Re1 Rc8 22. Bb2 Rc6 23. Nc3 Rec8 24. Nxd5 Qxd5 25. Ba3 Rc2 26. Qb4 Bxg2 27.
Kxg2 Qf5 28. Rf1 Qf3+ 29. Kh3 Rxf2 30. Rxf2 Qxf2 31. Qb5 Rc2 32. Ra8+ Bf8 33.
Qd5 h5 34. Rxf8+ Kxf8 35. Kh4 Qf6+ 36. Kh3 g5 37. Bxe7+ Qxe7 0-1

[Event "Air Force ch"]
[Site "?"]
[Date "1992.??.??"]
[Round "5"]
[White "Barcarola, L."]
[Black "McCalmont, J."]
[Result "1/2-1/2"]
[WhiteElo "2100"]
[BlackElo "2185"]
[PlyCount "74"]
[EventDate "1992.??.??"]

1. d4 Nf6 2. c4 e6 3. Nf3 b6 4. g3 Bb7 5. Bg2 Bb4+ 6. Bd2 Be7 7. Nc3 O-O 8. O-O
d5 9. cxd5 exd5 10. Nh4 Re8 11. Nf5 Bf8 12. Bg5 h6 13. Bxf6 Qxf6 14. Ne3 c6 15.
a3 Nd7 16. Qd2 Qe6 17. b4 Nf6 18. Nc2 c5 19. bxc5 bxc5 20. dxc5 Bxc5 21. e3 Ne4
22. Nxe4 dxe4 23. Nd4 Qe5 24. Rfd1 Red8 25. Qc3 Rac8 26. Qb2 Ba6 27. Bf1 Bxf1
28. Kxf1 Bxd4 29. Rxd4 Rxd4 30. Qxd4 Qxd4 31. exd4 Rc2 32. Rb1 Rd2 33. Rb8+ Kh7
34. Rb7 a5 35. Ra7 Rxd4 36. Rxa5 Rd2 37. a4 Ra2 1/2-1/2

[Event "1991 Armed Forces Ch"]
[Site "?"]
[Date "1991.??.??"]
[Round "8"]
[White "Murillo, M."]
[Black "Rea, A."]
[Result "0-1"]
[WhiteElo "2205"]
[BlackElo "2150"]
[PlyCount "76"]
[EventDate "1991.??.??"]

1. d4 e6 2. c4 Nf6 3. Nc3 Bb4 4. Qc2 O-O 5. Bg5 c5 6. dxc5 Na6 7. a3 Bxc3+ 8.
Qxc3 Nxc5 9. Bxf6 Qxf6 10. Qxf6 gxf6 11. b4 Ne4 12. f3 Nd6 13. e4 b6 14. Rd1
Nb7 15. Nh3 a5 16. b5 Nc5 17. Nf4 Kg7 18. h4 Rg8 19. Kf2 Kf8 20. Be2 Ke7 21.
Rd2 Nb3 22. Rdd1 Bb7 23. Bd3 Rac8 24. a4 d6 25. Bc2 Nc5 26. Rd2 Nd7 27. Rhd1
Rxc4 28. Bb3 Rc3 29. Bxe6 fxe6 30. Rxd6 Nc5 31. Rxb6 Rc2+ 32. Kf1 e5 33. Nd5+
Bxd5 34. exd5 Rcxg2 35. d6+ Kd7 36. Rd5 Rg1+ 37. Kf2 R8g2+ 38. Ke3 Re1# 0-1

[Event "1991 Armed Forces Ch"]
[Site "?"]
[Date "1991.??.??"]
[Round "2"]
[White "McMahon, D."]
[Black "Lankey, B."]
[Result "0-1"]
[WhiteElo "2020"]
[BlackElo "2185"]
[PlyCount "76"]
[EventDate "1991.??.??"]

1. e4 e6 2. d4 a6 3. Nf3 b5 4. Bd3 Bb7 5. O-O c5 6. c3 Qc7 7. a4 c4 8. Bc2 Nf6
9. Re1 Be7 10. Nbd2 b4 11. Qe2 d5 12. e5 Nfd7 13. cxb4 Nc6 14. Nf1 h6 15. Ng3
Bxb4 16. Rd1 O-O-O 17. Bd2 a5 18. Bc3 Rde8 19. Nd2 f6 20. f4 g5 21. f5 fxe5 22.
fxe6 Nf8 23. Nf5 Nxe6 24. Nxc4 dxc4 25. d5 Ncd4 26. Bxd4 Nxd4 27. Nxd4 exd4 28.
Qg4+ Kb8 29. Be4 Qf4 30. Qxf4+ gxf4 31. Bf3 d3 32. Rac1 Ba6 33. b3 Bc5+ 34. Kf1
Ba3 35. Rxc4 Bxc4 36. bxc4 Rd8 37. Rb1+ Bb4 38. c5 Kc7 0-1

[Event "Air Force ch"]
[Site "?"]
[Date "1987.??.??"]
[Round "6"]
[White "McCalmont, J."]
[Black "Lankey, B."]
[Result "0-1"]
[WhiteElo "2155"]
[BlackElo "2205"]
[PlyCount "76"]
[EventDate "1987.??.??"]

1. e4 e6 2. d4 a6 3. Nf3 b5 4. Bd3 Bb7 5. O-O c5 6. c3 Qc7 7. Re1 Nf6 8. a3 c4
9. Bc2 Be7 10. Bg5 d6 11. Nbd2 h6 12. Bxf6 gxf6 13. Nf1 Nd7 14. Ne3 O-O-O 15.
a4 h5 16. axb5 axb5 17. Ra7 Rdg8 18. Qa1 Qb6 19. Qa5 Bd8 20. Qxb6 Bxb6 21. Raa1
f5 22. Nd2 f4 23. Nef1 Rg7 24. Bd1 e5 25. d5 Nc5 26. Bf3 Kc7 27. Nb1 Bc8 28.
Nfd2 h4 29. Na3 Bd7 30. Ndxc4 bxc4 31. Nxc4 Bg4 32. Kf1 h3 33. b4 hxg2+ 34. Ke2
Nxe4 35. Nxb6 Nxc3+ 36. Kd3 Bxf3 37. Na8+ Kb7 38. Kxc3 Rxa8 0-1

[Event "1991 Armed Forces Ch"]
[Site "?"]
[Date "1991.??.??"]
[Round "5"]
[White "Langreck, J."]
[Black "Felsen, A."]
[Result "1/2-1/2"]
[WhiteElo "2040"]
[BlackElo "1975"]
[PlyCount "76"]
[EventDate "1991.??.??"]

1. e4 e5 2. Bc4 Nf6 3. d3 Nc6 4. Nc3 Bb4 5. Nge2 d5 6. exd5 Nxd5 7. O-O Be6 8.
Nxd5 Bxd5 9. Bxd5 Qxd5 10. f4 O-O-O 11. fxe5 Nxe5 12. Nf4 Qd7 13. d4 Rhe8 14.
c3 Ba5 15. Qh5 Bb6 16. Qxh7 Rh8 17. Qe4 Rde8 18. Nd5 Ng4 19. Nxb6+ axb6 20. Qf5
Qxf5 21. Rxf5 Re1+ 22. Rf1 Rxf1+ 23. Kxf1 Rxh2 24. Kg1 Rh8 25. Bd2 Re8 26. Kf1
Kd7 27. Re1 Rxe1+ 28. Kxe1 b5 29. Ke2 Ke6 30. b3 Nf6 31. c4 bxc4 32. bxc4 c6
33. Kf3 Kf5 34. a4 Ke6 35. g4 Ne8 36. Ke4 Nf6+ 37. Kf4 Ne8 38. Ke4 Nf6+ 1/2-1/2

[Event "1991 Armed Forces Ch"]
[Site "?"]
[Date "1991.??.??"]
[Round "7"]
[White "Hampel, R."]
[Black "Lane, P."]
[Result "1-0"]
[WhiteElo "2135"]
[BlackElo "2105"]
[PlyCount "75"]
[EventDate "1991.??.??"]

1. e4 c5 2. Nf3 d6 3. d4 cxd4 4. Nxd4 Nf6 5. Nc3 a6 6. f4 e5 7. Nf3 Qc7 8. Bd3
Be7 9. O-O O-O 10. Kh1 b5 11. a3 Bb7 12. Qe1 Nbd7 13. Nh4 Rfe8 14. Nf5 Bf8 15.
Qg3 Kh8 16. fxe5 dxe5 17. Qh4 Rac8 18. Bg5 Qb6 19. Rf3 Ng8 20. Nd5 Bxd5 21.
exd5 Ndf6 22. Re1 g6 23. Ng3 Bg7 24. Ref1 e4 25. Nxe4 Nxe4 26. Bxe4 Rc4 27. Rf4
f5 28. Bd3 Rxf4 29. Bxf4 Bxb2 30. Re1 Rd8 31. d6 Nf6 32. Re7 Rxd6 33. Bxd6 Qxd6
34. Qe1 Bxa3 35. Re6 Qf8 36. Qe5 Kg7 37. Rxa6 Kh6 38. Qxf6 1-0

[Event "Air Force ch"]
[Site "?"]
[Date "1988.??.??"]
[Round "7"]
[White "Barcarola, L."]
[Black "Forsythe, S."]
[Result "1-0"]
[WhiteElo "2155"]
[BlackElo "2040"]
[PlyCount "75"]
[EventDate "1988.??.??"]

1. d4 d5 2. c4 c6 3. e3 Nf6 4. Nf3 Bf5 5. Nc3 e6 6. cxd5 exd5 7. Bd3 Ne4 8. Qc2
Bb4 9. O-O Bxc3 10. bxc3 O-O 11. Ne1 Bg6 12. f3 Nd6 13. Ba3 Re8 14. Bxd6 Qxd6
15. e4 Nd7 16. e5 Qc7 17. f4 Bxd3 18. Qxd3 c5 19. Nf3 Rac8 20. Rae1 cxd4 21.
cxd4 Qc2 22. Qb5 Nb6 23. Rf2 Qc4 24. Qa5 Qa4 25. Qd2 Rc6 26. f5 Nc4 27. Qf4 Qa5
28. Rfe2 Qc7 29. f6 h6 30. Qg3 g6 31. Qh4 h5 32. g4 Nxe5 33. dxe5 Rc1 34. gxh5
Rxe1+ 35. Rxe1 Qc5+ 36. Nd4 Kh7 37. hxg6+ Kxg6 38. Kh1 1-0

[Event "Air Force ch"]
[Site "?"]
[Date "1992.??.??"]
[Round "2"]
[White "Wilson, M."]
[Black "Wall, B."]
[Result "0-1"]
[WhiteElo "1930"]
[BlackElo "2030"]
[PlyCount "78"]
[EventDate "1992.??.??"]

1. e4 c5 2. Nf3 Nc6 3. d4 cxd4 4. Nxd4 Qc7 5. Nc3 e6 6. Ndb5 Qb8 7. Bd3 a6 8.
Na3 b5 9. Ne2 Nf6 10. Bg5 Be7 11. Qd2 Qe5 12. Bxf6 Bxf6 13. c3 Bb7 14. O-O O-O
15. Nc2 Qc5 16. Kh1 Ne5 17. Ncd4 Ng4 18. h3 Ne5 19. Bc2 Nc4 20. Qc1 Nd6 21. f3
Qh5 22. Bd3 Rac8 23. Qe3 Nc4 24. Bxc4 Rxc4 25. Rad1 d5 26. Nf4 Qg5 27. b3 Rc7
28. Nde2 dxe4 29. fxe4 Qe5 30. Qg3 Bxe4 31. Nh5 Qxg3 32. Nexg3 Bc2 33. Nxf6+
gxf6 34. Rc1 Rxc3 35. Ne2 Rcc8 36. Nd4 Bd3 37. Rxc8 Rxc8 38. Rxf6 Rc1+ 39. Kh2
Be4 {White lost on time} 0-1

[Event "Air Force ch"]
[Site "?"]
[Date "1989.??.??"]
[Round "1"]
[White "Waldowski, P."]
[Black "Lank, J."]
[Result "0-1"]
[WhiteElo "2060"]
[BlackElo "2165"]
[PlyCount "78"]
[EventDate "1989.??.??"]

1. e4 c6 2. d4 d5 3. exd5 cxd5 4. c4 Nf6 5. Nc3 g6 6. Qb3 Bg7 7. cxd5 O-O 8. g3
e6 9. Bg2 Nxd5 10. Nf3 Nc6 11. O-O Nce7 12. Bg5 f6 13. Bd2 Qb6 14. Qc2 Bd7 15.
Na4 Qc6 16. Qxc6 Bxc6 17. Nc5 Kf7 18. Rfe1 Nc7 19. Rac1 Ned5 20. Bh3 Rfe8 21.
Ne4 Rad8 22. Ba5 Bf8 23. Nfd2 Bb4 24. Bxb4 Nxb4 25. Rc4 Nd3 26. Re3 Nxb2 27.
Rc2 Na4 28. Nc4 Nb5 29. Rce2 Rxd4 30. f4 Rxc4 31. Bxe6+ Rxe6 32. Ng5+ fxg5 33.
Rxe6 gxf4 34. Re7+ Kf6 35. g4 Nd4 36. R2e5 Nf3+ 37. Kf2 Nxe5 38. Rxh7 Nxg4+ 39.
Ke2 f3+ 0-1

[Event "Air Force ch"]
[Site "?"]
[Date "1989.??.??"]
[Round "6"]
[White "Waldowski, P."]
[Black "Hood, A."]
[Result "1-0"]
[WhiteElo "2060"]
[BlackElo "2110"]
[PlyCount "77"]
[EventDate "1989.??.??"]

1. e4 Nf6 2. e5 Nd5 3. c4 Nb6 4. c5 Nd5 5. Bc4 e6 6. d4 d6 7. cxd6 cxd6 8. Nf3
Be7 9. O-O O-O 10. Nc3 Nxc3 11. bxc3 Qc7 12. Qd3 Nc6 13. exd6 Bxd6 14. Bb3 e5
15. Ng5 g6 16. h4 Bf5 17. Qd1 exd4 18. cxd4 Nxd4 19. Qxd4 Be5 20. Qa4 Bxa1 21.
Ba3 Bf6 22. Rc1 Qe5 23. Nf3 Qe4 24. Rc4 Qe2 25. Rc7 Bd3 26. Qf4 Kg7 27. Rxb7
Be4 28. Bxf8+ Rxf8 29. Rxa7 Bxf3 30. gxf3 Qe1+ 31. Kg2 Qc3 32. Rd7 Qc5 33. Rd5
Qe7 34. h5 gxh5 35. Rxh5 Kh8 36. Bc2 Rg8+ 37. Kh3 Rg7 38. a4 Qa7 $2 39. Qxf6
1-0

[Event "Air Force ch"]
[Site "?"]
[Date "1992.??.??"]
[Round "8"]
[White "Smith, B."]
[Black "Wilson, E."]
[Result "0-1"]
[WhiteElo "1815"]
[BlackElo "2205"]
[PlyCount "78"]
[EventDate "1992.??.??"]

1. c4 g6 2. d4 Bg7 3. e4 d6 4. Nf3 Nf6 5. Nc3 O-O 6. Be2 e5 7. d5 a5 8. Qc2 Na6
9. a3 Nc5 10. Bg5 a4 11. Nd2 h6 12. Be3 Bd7 13. O-O Nh7 14. f4 exf4 15. Bxf4
Bd4+ 16. Kh1 Be5 17. Bxe5 dxe5 18. Nf3 Qe7 19. Rae1 Kg7 20. Bd1 Nf6 21. Qd2 Ne8
22. Bc2 Nd6 23. Qe2 Ra6 24. Rf2 Rb6 25. Bb1 Ne8 26. Qe3 Na6 27. c5 Nxc5 28.
Nxe5 Qxe5 29. Qxc5 Nf6 30. Ref1 Ng4 31. Rf4 g5 32. Rxg4 Bxg4 33. Nxa4 Rf6 34.
Rc1 Ra8 35. Nc3 Qf4 36. Nb5 Ra5 37. a4 c6 38. e5 Qxe5 39. dxc6 Qxc5 0-1

[Event "1990 Armed Forces ch"]
[Site "?"]
[Date "1990.??.??"]
[Round "7"]
[White "Rivera, N."]
[Black "Crook, C."]
[Result "0-1"]
[WhiteElo "2145"]
[BlackElo "1980"]
[PlyCount "78"]
[EventDate "1990.??.??"]

1. d4 f5 2. h3 d6 3. Nc3 Nf6 4. Bg5 e6 5. e4 Be7 6. exf5 exf5 7. Bc4 Nc6 8.
Bxf6 Bxf6 9. Qe2+ Qe7 10. Qxe7+ Nxe7 11. Nf3 a6 12. O-O-O Bd7 13. Rhe1 O-O-O
14. Be6 Bxe6 15. Rxe6 Kd7 16. Rde1 Nc6 17. Nd5 Be5 18. dxe5 Kxe6 19. Nf4+ Kd7
20. e6+ Kc8 21. Ng5 Rde8 22. Nd5 h6 23. Nf7 Rhf8 24. Kd2 Nd4 25. Nf4 Nxe6 26.
Nxd6+ cxd6 27. Nxe6 Rf7 28. Nd4 Rxe1 29. Kxe1 g5 30. g3 Kd7 31. Kd2 h5 32. Ne2
Ke6 33. f4 Kf6 34. fxg5+ Kxg5 35. Ke3 Re7+ 36. Kf3 h4 37. Kf2 Rxe2+ 38. Kxe2
hxg3 39. Kf3 Kh4 0-1

[Event "Air force ch"]
[Site "?"]
[Date "1991.??.??"]
[Round "3"]
[White "McCalmont, J."]
[Black "Moore, B."]
[Result "1/2-1/2"]
[WhiteElo "2155"]
[BlackElo "2270"]
[PlyCount "78"]
[EventDate "1991.??.??"]

1. e4 c5 2. Nf3 d6 3. c4 Nf6 4. Nc3 g6 5. d4 Bg7 6. Be2 cxd4 7. Nxd4 O-O 8. Be3
Nc6 9. O-O Bd7 10. Rc1 Nxd4 11. Bxd4 Bc6 12. Qd3 Qa5 13. Nd5 Nxd5 14. cxd5 Bxd4
15. dxc6 Bxb2 16. Rb1 Bf6 17. cxb7 Rab8 18. Qa6 Qxa6 19. Bxa6 Bd4 20. Rfc1 Bc5
21. a4 e5 22. Bc4 Kg7 23. Rc2 f5 24. Bd5 fxe4 25. Bxe4 Rf4 26. Re2 Bxf2+ 27.
Rxf2 Rxe4 28. Rc2 Rf4 29. a5 a6 30. Rc7+ Rf7 31. Rc6 Rbxb7 32. Rxb7 Rxb7 33.
Rxd6 Rb2 34. Re6 Ra2 35. Rxe5 Kf6 36. Rc5 Re2 37. Kf1 Re5 38. Rc6+ Re6 39. Rc5
Re5 1/2-1/2

[Event "Air Force ch"]
[Site "?"]
[Date "1988.??.??"]
[Round "10"]
[White "Lank, J."]
[Black "Waldowski, P."]
[Result "0-1"]
[WhiteElo "2090"]
[BlackElo "2120"]
[PlyCount "78"]
[EventDate "1988.??.??"]

1. c4 e6 2. g3 d5 3. Bg2 c5 4. b3 Nc6 5. Bb2 Nf6 6. Nf3 d4 7. O-O Bd6 8. d3 h5
9. Nbd2 h4 10. Nxh4 Ne5 11. Nhf3 Ng6 12. b4 e5 13. bxc5 Bxc5 14. Ba3 Bxa3 15.
Qa4+ Bd7 16. Qxa3 Bh3 17. Qa4+ Bd7 18. Qb4 Bc6 19. Rfe1 Qd7 20. Nf1 Ng4 21. Qd2
O-O-O 22. Ng5 Qf5 23. f3 Ne3 24. Nxe3 Qxg5 25. Nf1 Qe7 26. Rab1 Rh6 27. Qb4 Qc7
28. Rb2 Rdh8 29. Qd2 f5 30. e4 f4 31. Re2 a6 32. Qe1 Qe7 33. Nd2 Rxh2 34. g4
Nh4 35. Nf1 Nxg2 36. Rxg2 Rh1+ 37. Kf2 Qh4+ 38. Ke2 Qh3 39. Kd1 $2 Qxf3+ 0-1

[Event "1991 Armed Forces Ch"]
[Site "?"]
[Date "1991.??.??"]
[Round "1"]
[White "Lane, P."]
[Black "McCalmont, J."]
[Result "0-1"]
[WhiteElo "2105"]
[BlackElo "2140"]
[PlyCount "78"]
[EventDate "1991.??.??"]

1. e4 c5 2. Nf3 e6 3. d3 Nc6 4. g3 d5 5. Nbd2 Nf6 6. Bg2 Be7 7. O-O dxe4 8.
dxe4 e5 9. c3 O-O 10. h3 h6 11. Qc2 Be6 12. Rd1 Qc7 13. Nf1 Rad8 14. Rxd8 Rxd8
15. Be3 Qd7 16. Kh2 Bc4 17. Ne1 Nh7 18. f3 b6 19. Qf2 Nf8 20. Nd2 Ba6 21. f4
exf4 22. gxf4 Ng6 23. Nef3 Qc7 24. Qg3 Kh8 25. Re1 Bd3 26. e5 f6 27. Kh1 fxe5
28. fxe5 Re8 29. Bf1 Bf5 30. Bf4 Rf8 31. Ne4 Nxf4 32. Qxf4 Bxh3 33. Qg3 Bxf1
34. Rxf1 Qd7 35. Rg1 Rf7 36. Nd6 Bxd6 37. exd6 Qf5 38. Nh4 Qe4+ 39. Rg2 g5 0-1